Hacia una encuesta social general : resultados de los trabajos del Grupo Técnico Especializado en la Medición del Ingreso y el Bienestar /

Detalles Bibliográficos
Otros Autores: Campos Vázquez, Raymundo M. (Editor), Leyva-Parra, Gerardo (Editor), Teruel Belismelis, Graciela (Editor)
Formato: Electrónico eBook
Lenguaje:español
Publicado: Ciudad de México, México : Aguascalientes : El Colegio de México : Universidad Iberoamericana ; Instituto Nacional de Estadística y Geografía, 2024.
Edición:Primera edición electrónica.
Materias:
Acceso en línea:Digitalia Hispánica

MARC

LEADER 00000nam a2200000Ii 4500
001 DIGCOLMX0555
003 NyNyDIG
006 m o d
007 cr |||||||||||
008 250402s2024 mx a ob 000 0 spa d
035 |a (OCoLC)1514307270 
040 |a DGITA  |b eng  |e rda  |e pn  |c DGITA 
020 |a 9786075645940  |q electrónico 
043 |a n-mx--- 
050 1 4 |a HB523 ebook 
245 0 0 |a Hacia una encuesta social general :  |b resultados de los trabajos del Grupo Técnico Especializado en la Medición del Ingreso y el Bienestar /  |c coordinadores, Raymundo M. Campos Vázquez, Gerardo Leyva Parra, Graciela Teruel Belismelis. 
250 |a Primera edición electrónica. 
264 1 |a Ciudad de México, México :  |b El Colegio de México :  |b Universidad Iberoamericana ;  |a Aguascalientes :  |b Instituto Nacional de Estadística y Geografía,  |c 2024. 
300 |a 1 online resource :  |b illustrations. 
336 |a text  |b txt  |2 rdacontent 
337 |a computer  |b c  |2 rdamedia 
338 |a online resource  |b cr  |2 rdacarrier 
347 |a text file  |2 rdaft 
347 |b EPUB 
504 |a Includes bibliographical references. 
588 0 |a Online resource; title from ePub title page (Digitalia, viewed April 2, 2025) 
650 0 |a Income distribution  |z Mexico. 
650 0 |a Quality of life  |z Mexico. 
650 0 |a Economic indicators  |z Mexico. 
700 1 |a Campos Vázquez, Raymundo M.,  |e editor. 
700 1 |a Leyva-Parra, Gerardo,  |e editor. 
700 1 |a Teruel Belismelis, Graciela,  |e editor. 
791 2 |a Digitalia (Firm),  |e distributor. 
793 0 |g Digitalia eBook Collection:  |a El Colegio de México 
856 4 0 |3 Digitalia Hispánica  |u https://www.digitaliapublishing.com/a/171397/ 
910 |a Premium collection: 2025